000 00225nam a22000857a 4500
008 160629b xxu||||| |||| 00| 0 eng d
100 _91384
_aSood, R
245 _aIntroductory Information Technology - X
260 _aN.D
_b Arya
_c2004
999 _c1143
_d1143